000 00263nam a2200109Ia 4500
008 221009s9999 xx 000 0 und d
082 _a307/MOU
100 _aMoudud, Hasna Jasimuddin
_91215
245 0 _aWomen in China
260 _bShakti Publishers
942 _cBK
999 _c64776
_d64776